Finland Trivia Quiz - Statistieken

Algemene statistieken
  • Deze quiz is 674 keer genomen
  • De gemiddelde score is 12 van 24
Antwoordstatistieken
Hint Antwoord % Correct
Hoofdstad Helsinki
99%
Aangrenzende landen Zweden
99%
Aangrenzende landen Rusland
98%
Aangrenzende landen Noorwegen
97%
Valuta van Finland Euro
82%
Traditioneel stoombad Sauna
75%
Noordelijke regio die door 4 landen gedeeld wordt Lapland
74%
De bovenstaande golven zijn deel van deze zee Oostzee
74%
Mythisch persoon waarvan wordt gezegd dat hij daar woont Kerstman
64%
Meest populaire sport IJshockey
60%
Finland in het Fins Suomi
60%
Groot telefoonbedrijf Nokia
58%
Aangrenzende oceaan golven {Finse} Golf
46%
Aangrenzende oceaan golven {Botnische} Golf
33%
Besturingssysteem gemaakt door Linus Torvalds Linux
30%
Grootste binnenlandse stad Tampere
30%
Grootste ethnische groep in het hierbovenstaande Samen
29%
73% van de Finnen horen tot deze kerk Lutheranisme
28%
Voormalige valuta Finse Mark
27%
Oorlog gevochten tegen de Sovjet-Unie in 1940 {Winter}oorlog
27%
Componist van "Finlandia" Jean Sibelius
15%
Een Finse spits is een soort ... Hond
11%
Langeafstandsloper en 12-voudig Olympisch medaillewinnaar Paavo Nurmi
10%
Grootste zoetwatermeer Saimaameer
7%
Geen overeenkomende quizzen gevonden
Scoreverdeling
Procent van Mensen met Elke Score
Percentiel versus Aantal Correcte Antwoorden
Uw Scoregeschiedenis
U heeft deze quiz nog niet genomen